[Event "35t. Copenhagen Open (Politiken Cup)"]
[Site "Elsinore"]
[Date "2013.07.31"]
[Round "6"]
[White "Jepsen, Thomas Tange"]
[Black "Andersen, Daniel"]
[Result "1-0"]
[WhiteElo "2079"]
[BlackElo "1917"]
[PlyCount "59"]
[EventDate "2013.07.27"]
[EventType "swiss"]
[EventRounds "10"]
[EventCountry "DEN"]
[Source "ChessBase"]
[SourceDate "2013.08.26"]

1. d4 Nf6 2. c4 g6 3. Nc3 d5 4. Nf3 Bg7 5. Bf4 dxc4 6. e4 O-O 7. Bxc4 Nfd7 8.
O-O Nb6 9. Be2 Bg4 10. d5 c6 11. Qb3 cxd5 12. Nxd5 Nc6 13. Bc7 Na5 14. Qb5 Qd7
15. Qxd7 Bxd7 16. Rad1 Be6 17. Nxe7+ Kh8 18. b3 Rfe8 19. Bd6 Bf8 20. Bb4 Nxb3
21. Bb5 Red8 22. Rxd8 Rxd8 23. axb3 h5 24. Bc3+ Kh7 25. Ng5+ Kh6 26. Bf6 Bxe7
27. Bxe7 Rd4 28. Nxe6 fxe6 29. f3 a6 30. Bc5 1-0

[Event "35t. Copenhagen Open (Politiken Cup)"]
[Site "Elsinore"]
[Date "2013.07.31"]
[Round "6"]
[White "Johansson, Alexander"]
[Black "Louis, Thibault"]
[Result "0-1"]
[WhiteElo "2022"]
[BlackElo "2222"]
[PlyCount "62"]
[EventDate "2013.07.27"]
[EventType "swiss"]
[EventRounds "10"]
[EventCountry "DEN"]
[Source "ChessBase"]
[SourceDate "2013.08.26"]

1. d4 e6 2. Nf3 Nf6 3. Bg5 d5 4. Nbd2 c5 5. e3 Nc6 6. c3 h6 7. Bh4 Be7 8. Bd3
Qb6 9. Rb1 O-O 10. O-O Qc7 11. Qe2 e5 12. Nxe5 Nxe5 13. Bg3 Bd6 14. dxe5 Bxe5
15. f4 Bd6 16. e4 Bg4 17. Qe1 c4 18. Bc2 Bc5+ 19. Kh1 dxe4 20. Nxe4 Rfe8 21. f5
Qc6 22. Rf4 Re7 23. Nxf6+ Qxf6 24. Be4 h5 25. h3 Bd6 26. Bh4 g5 27. Bxg5 Qxg5
28. Rf1 Rae8 29. hxg4 Rxe4 30. Qf2 Re2 31. Qd4 Qh4+ 0-1

[Event "35t. Copenhagen Open (Politiken Cup)"]
[Site "Elsinore"]
[Date "2013.07.31"]
[Round "6"]
[White "Klings, Peter"]
[Black "Bekker Jensen, David"]
[Result "0-1"]
[WhiteElo "2167"]
[BlackElo "2310"]
[PlyCount "78"]
[EventDate "2013.07.27"]
[EventType "swiss"]
[EventRounds "10"]
[EventCountry "DEN"]
[Source "ChessBase"]
[SourceDate "2013.08.26"]

1. g3 g6 2. Bg2 Bg7 3. c4 Nf6 4. Nc3 O-O 5. e3 d6 6. Nge2 Nc6 7. d3 h5 8. h3 e5
9. e4 Nh7 10. Be3 Nd4 11. Qd2 c6 12. f4 h4 13. g4 Nxe2 14. Nxe2 exf4 15. Nxf4
Rb8 16. O-O c5 17. Rab1 b5 18. cxb5 Rxb5 19. b4 cxb4 20. Rxb4 Ra5 21. Rc1 Ra3
22. Rb8 Qd7 23. Nd5 Ba6 24. Rc7 Rxd3 25. Rxd7 Rxd2 26. Rdd8 Rd1+ 27. Kf2 Rxd8
28. Rxd8+ Nf8 29. g5 Be5 30. Nf6+ Kg7 31. Ne8+ Kh7 32. Nc7 Bg3+ 33. Kf3 Ne6 34.
Rd7 Bc4 35. Rxf7+ Kg8 36. Re7 Nxc7 37. Rxc7 d5 38. Bxa7 dxe4+ 39. Ke3 Bxc7 0-1

[Event "35t. Copenhagen Open (Politiken Cup)"]
[Site "Elsinore"]
[Date "2013.07.31"]
[Round "6"]
[White "Kristensen, Kjell Ole"]
[Black "Karlsson, Ulf"]
[Result "0-1"]
[WhiteElo "2141"]
[BlackElo "1973"]
[PlyCount "94"]
[EventDate "2013.07.27"]
[EventType "swiss"]
[EventRounds "10"]
[EventCountry "DEN"]
[Source "ChessBase"]
[SourceDate "2013.08.26"]

1. e4 c5 2. Nf3 Nc6 3. d4 cxd4 4. Nxd4 e5 5. Nb5 d6 6. N1c3 a6 7. Na3 b5 8. Nd5
Nge7 9. Bg5 f6 10. Qh5+ g6 11. Nxf6+ Kf7 12. Qh4 h6 13. Nd5 hxg5 14. Qxh8 Qa5+
15. c3 Bg7 16. Qh7 Be6 17. h4 g4 18. O-O-O Rh8 19. Nxe7 Nxe7 20. Qxh8 Bxh8 21.
Rxd6 Nc8 22. Rc6 Bd7 23. Rc5 Qb6 24. b4 Nd6 25. f3 Nb7 26. Rd5 Qe3+ 27. Kb2
Qf2+ 28. Nc2 Be6 29. Rd1 Bf6 30. h5 gxh5 31. fxg4 Bxg4 32. Rd5 Be6 33. Rd3 Bg4
34. Rd5 Ke6 35. a4 Nd6 36. axb5 axb5 37. Bxb5 Nxb5 38. Rxb5 Qxg2 39. Rb6+ Kf7
40. Ra1 Be2 41. Rd6 Qxe4 42. Ra7+ Kg6 43. b5 Bxb5 44. Nb4 Bc4 45. Rc7 Kf5 46.
Rh7 Qe2+ 47. Ka3 Bg5 0-1

[Event "35t. Copenhagen Open (Politiken Cup)"]
[Site "Elsinore"]
[Date "2013.07.31"]
[Round "6"]
[White "Kunin, Vitaly"]
[Black "Evertsson, Lennart"]
[Result "1-0"]
[WhiteElo "2502"]
[BlackElo "2200"]
[PlyCount "51"]
[EventDate "2013.07.27"]
[EventType "swiss"]
[EventRounds "10"]
[EventCountry "DEN"]
[Source "ChessBase"]
[SourceDate "2013.08.26"]

1. d4 Nf6 2. Nf3 e6 3. c4 c5 4. d5 b5 5. Bg5 bxc4 6. Nc3 h6 7. Bxf6 Qxf6 8. e4
d6 9. e5 dxe5 10. Bxc4 Qf4 11. Bb5+ Nd7 12. dxe6 fxe6 13. O-O Be7 14. Re1 e4
15. Rxe4 Qf5 16. Qa4 a6 17. Bc6 Ra7 18. Rf4 Qh5 19. Nb5 axb5 20. Qxa7 Bd6 21.
Bxd7+ Bxd7 22. Rd1 Ke7 23. g4 Qe8 24. Ne5 Bxe5 25. Qxc5+ Kd8 26. Qxe5 1-0

[Event "35t. Copenhagen Open (Politiken Cup)"]
[Site "Elsinore"]
[Date "2013.07.31"]
[Round "6"]
[White "Kyrkjebo, Eirik"]
[Black "Larsen, Jens Evald"]
[Result "1-0"]
[WhiteElo "1711"]
[BlackElo "1533"]
[PlyCount "43"]
[EventDate "2013.07.27"]
[EventType "swiss"]
[EventRounds "10"]
[EventCountry "DEN"]
[Source "ChessBase"]
[SourceDate "2013.08.26"]

1. e4 e6 2. d4 d5 3. Nd2 dxe4 4. Nxe4 Nd7 5. Nf3 Ngf6 6. Bd3 Nxe4 7. Bxe4 Nf6
8. Bd3 Be7 9. O-O O-O 10. Re1 b6 11. c3 Bb7 12. Bg5 Rc8 13. Qe2 c5 14. Rad1 Qc7
15. dxc5 Qxc5 16. Ne5 Rfd8 17. Bxf6 Bxf6 18. Bxh7+ Kf8 19. Rxd8+ Rxd8 20. Nxf7
Re8 21. Ne5 Rd8 22. Ng6+ 1-0

[Event "35t. Copenhagen Open (Politiken Cup)"]
[Site "Elsinore"]
[Date "2013.07.31"]
[Round "6"]
[White "Larsen, Karsten"]
[Black "Halamus, Agata"]
[Result "1/2-1/2"]
[WhiteElo "2270"]
[BlackElo "2046"]
[PlyCount "37"]
[EventDate "2013.07.27"]
[EventType "swiss"]
[EventRounds "10"]
[EventCountry "DEN"]
[Source "ChessBase"]
[SourceDate "2013.08.26"]

1. Nf3 Nf6 2. c4 g6 3. Nc3 d5 4. cxd5 Nxd5 5. g3 Bg7 6. Bg2 O-O 7. O-O c6 8.
Qc2 Na6 9. d3 Nac7 10. Bd2 Bg4 11. h3 Bxf3 12. Bxf3 Ne6 13. Bg2 Nd4 14. Qd1 Qd7
15. e3 Ne6 16. Nxd5 cxd5 17. d4 Ng5 18. h4 Ne4 19. Bxe4 1/2-1/2

[Event "35t. Copenhagen Open (Politiken Cup)"]
[Site "Elsinore"]
[Date "2013.07.31"]
[Round "6"]
[White "Larsen, Ulrik"]
[Black "Rydstrom, Tom"]
[Result "0-1"]
[WhiteElo "1992"]
[BlackElo "2172"]
[PlyCount "156"]
[EventDate "2013.07.27"]
[EventType "swiss"]
[EventRounds "10"]
[EventCountry "DEN"]
[Source "ChessBase"]
[SourceDate "2013.08.26"]

1. e4 e5 2. Nf3 Nc6 3. Bb5 a6 4. Bxc6 dxc6 5. O-O Bg4 6. h3 Bh5 7. d3 f6 8. Be3
Bd6 9. Nbd2 Ne7 10. c3 g5 11. d4 exd4 12. Bxd4 Rf8 13. g4 Bg6 14. Re1 Qd7 15.
Bxf6 O-O-O 16. e5 Bc5 17. Nd4 Bxd4 18. cxd4 Qxd4 19. Nf3 Qxb2 20. Qb3 Qxb3 21.
axb3 Rde8 22. Nxg5 Nd5 23. h4 h6 24. h5 Bc2 25. Bg7 Rf4 26. Bxh6 Rxg4+ 27. Kh2
Rh4+ 28. Kg3 Rxh5 29. Rh1 Rxh1 30. Rxh1 Rxe5 31. Nf3 Re8 32. Nd4 Bd3 33. Rd1
Rg8+ 34. Kh4 Bg6 35. f4 c5 36. Ne6 Ne3 37. Rd2 Nf5+ 38. Kg5 b6 39. Nf8 Bh7+ 40.
Kf6 Nd6 41. Rxd6 cxd6 42. Nxh7 d5 43. f5 c4 44. bxc4 dxc4 45. Nf8 c3 46. Ng6
Rd8 47. Ne7+ Kb7 48. Ke6 Rh8 49. Bf4 c2 50. Ng6 Rh1 51. f6 c1=Q 52. Bxc1 Rxc1
53. f7 Rf1 54. f8=Q Rxf8 55. Nxf8 Kc6 56. Nd7 a5 57. Ne5+ Kc5 58. Nd7+ Kc6 59.
Ne5+ Kb5 60. Kd5 Kb4 61. Nc6+ Kb5 62. Nd4+ Kb4 63. Nc6+ Kc3 64. Nd4 a4 65. Nb5+
Kb4 66. Kc6 Ka5 67. Nc3 a3 68. Kd5 Kb4 69. Kd4 Kb3 70. Kd3 Kb2 71. Na4+ Kc1 72.
Nc3 b5 73. Na2+ Kb2 74. Nc3 a2 75. Nxa2 Kxa2 76. Kc3 Ka3 77. Kc2 b4 78. Kb1 Kb3
0-1

[Event "35t. Copenhagen Open (Politiken Cup)"]
[Site "Elsinore"]
[Date "2013.07.31"]
[Round "6"]
[White "Larsen, Ulrik Jejlskov"]
[Black "Hansen, Alex Mehr"]
[Result "1-0"]
[WhiteElo "1700"]
[BlackElo "1953"]
[PlyCount "117"]
[EventDate "2013.07.27"]
[EventType "swiss"]
[EventRounds "10"]
[EventCountry "DEN"]
[Source "ChessBase"]
[SourceDate "2013.08.26"]

1. d4 d5 2. Nf3 Nf6 3. e3 e6 4. Bd3 c5 5. c3 c4 6. Bc2 Bd6 7. Nbd2 b5 8. Qe2
Bb7 9. O-O Nbd7 10. e4 dxe4 11. Nxe4 Nxe4 12. Bxe4 Qc7 13. Bxb7 Qxb7 14. Ne5
Bxe5 15. dxe5 Nc5 16. Be3 Na4 17. Rad1 O-O 18. Rd6 Qc7 19. Rfd1 Rfd8 20. R1d4
Rxd6 21. exd6 Qd7 22. Qh5 f6 23. Rd2 Rd8 24. f4 g6 25. Qh4 Qf7 26. Qf2 Rd7 27.
Bc5 Qf8 28. Qd4 Nxc5 29. Qxc5 Qb8 30. Kf1 Kf7 31. Qc6 Qd8 32. Qxb5 Rxd6 33.
Qb7+ Kg8 34. Rxd6 Qxd6 35. Qc8+ Kf7 36. Qb7+ Kf8 37. Qa8+ Ke7 38. Qxa7+ Kd8 39.
Qd4 Ke7 40. Qxd6+ Kxd6 41. b4 cxb3 42. axb3 Kd5 43. Ke2 Ke4 44. g3 h5 45. b4 h4
46. b5 hxg3 47. hxg3 Kd5 48. c4+ Kd6 49. b6 Kc6 50. c5 Kb7 51. g4 Kc6 52. Ke3
Kb7 53. Ke4 Kc6 54. Kd4 Kb7 55. g5 e5+ 56. fxe5 f5 57. e6 Kc6 58. e7 Kd7 59. b7
1-0

[Event "35t. Copenhagen Open (Politiken Cup)"]
[Site "Elsinore"]
[Date "2013.07.31"]
[Round "6"]
[White "Lofgren, Claes"]
[Black "Nielsen, Kai Gylling"]
[Result "1/2-1/2"]
[WhiteElo "2127"]
[BlackElo "1833"]
[PlyCount "91"]
[EventDate "2013.07.27"]
[EventType "swiss"]
[EventRounds "10"]
[EventCountry "DEN"]
[Source "ChessBase"]
[SourceDate "2013.08.26"]

1. Nf3 Nf6 2. c4 g6 3. b4 Bg7 4. Bb2 d6 5. g3 Nbd7 6. Bg2 Rb8 7. O-O O-O 8. d3
c5 9. b5 b6 10. a4 a5 11. bxa6 Bxa6 12. Na3 Qc7 13. Qd2 e5 14. Rfb1 Rfe8 15.
Nb5 Bxb5 16. axb5 e4 17. Ng5 e3 18. fxe3 Bh6 19. e4 Ng4 20. Qc3 Nde5 21. Nf3
Be3+ 22. Kf1 f6 23. h3 Nxf3 24. exf3 Bd4 25. Qb3 Ne3+ 26. Kg1 Nc2+ 27. Bxd4
Nxd4 28. Qd1 d5 29. Kh2 dxc4 30. dxc4 Rbd8 31. Qf1 h5 32. Qf2 h4 33. Rb2 Ra8
34. Rxa8 Rxa8 35. f4 Ra4 36. gxh4 Rxc4 37. e5 Kg7 38. Bd5 Ra4 39. exf6+ Kxf6
40. Qg3 Nf5 41. Qg5+ Kg7 42. h5 Qxf4+ 43. Qxf4 Rxf4 44. hxg6 Kxg6 45. Ra2 Ne7
46. Bg2 1/2-1/2

[Event "35t. Copenhagen Open (Politiken Cup)"]
[Site "Elsinore"]
[Date "2013.07.31"]
[Round "6"]
[White "Lundberg, Roland"]
[Black "Norlander, Svante"]
[Result "1-0"]
[WhiteElo "1996"]
[BlackElo "1796"]
[PlyCount "45"]
[EventDate "2013.07.27"]
[EventType "swiss"]
[EventRounds "10"]
[EventCountry "DEN"]
[Source "ChessBase"]
[SourceDate "2013.08.26"]

1. Nf3 c5 2. c4 Nc6 3. e3 g6 4. Be2 Bg7 5. O-O Nf6 6. Nc3 O-O 7. d4 cxd4 8.
Nxd4 Nxd4 9. exd4 d5 10. c5 b6 11. b4 Ne4 12. Nxe4 dxe4 13. Be3 bxc5 14. bxc5
a5 15. Rc1 Qd5 16. Bc4 Qf5 17. Qe2 Bb7 18. Bb5 Bd5 19. a4 e5 20. Rfd1 Bb3 21.
Rd2 Rfc8 22. d5 Bf8 23. Rc3 1-0

[Event "35t. Copenhagen Open (Politiken Cup)"]
[Site "Elsinore"]
[Date "2013.07.31"]
[Round "6"]
[White "Madsen, Ole Rysgaard"]
[Black "Heimisson, Hilmir Freyr"]
[Result "0-1"]
[WhiteElo "1919"]
[BlackElo "1690"]
[PlyCount "98"]
[EventDate "2013.07.27"]
[EventType "swiss"]
[EventRounds "10"]
[EventCountry "DEN"]
[Source "ChessBase"]
[SourceDate "2013.08.26"]

1. Nf3 f5 2. g3 Nf6 3. c4 e6 4. Bg2 Be7 5. O-O c6 6. d4 O-O 7. Nc3 d5 8. b3 Bd7
9. Bb2 Qe8 10. e3 Na6 11. Ne5 Bc8 12. Rc1 Nd7 13. f4 Nxe5 14. fxe5 Bg5 15. Rf3
Qg6 16. Ne2 Bd7 17. Nf4 Qf7 18. Ba3 Rfc8 19. Qe2 Bh6 20. Nd3 Be8 21. g4 Qd7 22.
Rcf1 g5 23. Rh3 dxc4 24. bxc4 Bg7 25. gxf5 exf5 26. d5 cxd5 27. cxd5 Qa4 28.
Be7 Rc2 29. Qd1 Qxa2 30. Ne1 Rd2 31. Qc1 g4 32. Rh4 Bd7 33. e6 Ba4 34. Qa3 Qxa3
35. Bxa3 Bc3 36. Rxf5 Be8 37. Rxg4+ Bg6 38. e7 Re2 39. Rf8+ Kg7 40. Rxa8 Nc7
41. e8=Q Nxe8 42. Rxe8 Rxe1+ 43. Kf2 Ra1 44. Bc5 Ra2+ 45. Kg3 Be1+ 46. Kf3 Rf2+
47. Kg3 Rf5+ 48. Kh3 Rh5+ 49. Rh4 Rxh4# 0-1

[Event "35t. Copenhagen Open (Politiken Cup)"]
[Site "Elsinore"]
[Date "2013.07.31"]
[Round "6"]
[White "Marder, Simon"]
[Black "Sjol, Henrik"]
[Result "1-0"]
[WhiteElo "2049"]
[BlackElo "1871"]
[PlyCount "85"]
[EventDate "2013.07.27"]
[EventType "swiss"]
[EventRounds "10"]
[EventCountry "DEN"]
[Source "ChessBase"]
[SourceDate "2013.08.26"]

1. d4 d5 2. Nc3 Nf6 3. Bg5 e6 4. e4 dxe4 5. Nxe4 Be7 6. Bxf6 Bxf6 7. Nf3 Nd7 8.
c3 O-O 9. Bd3 c6 10. Qc2 h6 11. O-O-O Qa5 12. h4 c5 13. dxc5 Nxc5 14. Nxf6+
gxf6 15. Kb1 Nxd3 16. Qxd3 e5 17. Nd2 Be6 18. Nb3 Bxb3 19. axb3 Rad8 20. Qe3
Kg7 21. g4 Qb5 22. g5 Rxd1+ 23. Rxd1 hxg5 24. hxg5 f5 25. c4 Qc6 26. Qxe5+ Kg8
27. Rd6 Qe4+ 28. Qxe4 fxe4 29. Rd7 f5 30. gxf6 Rxf6 31. Rxb7 Rxf2 32. Re7 Rf1+
33. Kc2 Rf2+ 34. Kb1 Rf1+ 35. Ka2 Re1 36. c5 Kf8 37. Rxa7 e3 38. Ra4 Ke7 39.
Re4+ Kd7 40. b4 Kc6 41. Kb3 e2 42. Re5 Kc7 43. b5 1-0

[Event "35t. Copenhagen Open (Politiken Cup)"]
[Site "Elsinore"]
[Date "2013.07.31"]
[Round "6"]
[White "Matthiesen, Martin"]
[Black "Mihajlov, Sebastian"]
[Result "1-0"]
[WhiteElo "2275"]
[BlackElo "2138"]
[PlyCount "45"]
[EventDate "2013.07.27"]
[EventType "swiss"]
[EventRounds "10"]
[EventCountry "DEN"]
[Source "ChessBase"]
[SourceDate "2013.08.26"]

1. d4 d5 2. c4 c6 3. Nf3 Nf6 4. Nc3 e6 5. Bg5 h6 6. Bh4 dxc4 7. e4 g5 8. Bg3 b5
9. Be2 Bb7 10. O-O Nbd7 11. Ne5 Bg7 12. Nxd7 Nxd7 13. Bd6 a6 14. a4 e5 15. Bg4
exd4 16. e5 Nxe5 17. Qxd4 h5 18. Rfe1 f6 19. Bxe5 fxe5 20. Rxe5+ Kf7 21. Be6+
Kg6 22. Qe4+ Kh6 23. Bf7 1-0

[Event "35t. Copenhagen Open (Politiken Cup)"]
[Site "Elsinore"]
[Date "2013.07.31"]
[Round "6"]
[White "Merkesvik, Frode"]
[Black "Nordin, Eric"]
[Result "1/2-1/2"]
[WhiteElo "1611"]
[BlackElo "1874"]
[PlyCount "50"]
[EventDate "2013.07.27"]
[EventType "swiss"]
[EventRounds "10"]
[EventCountry "DEN"]
[Source "ChessBase"]
[SourceDate "2013.08.26"]

1. Nf3 d6 2. d4 g6 3. c4 Bg7 4. Nc3 Nd7 5. e4 e5 6. dxe5 Nxe5 7. Nxe5 Bxe5 8.
Qc2 Bg7 9. b3 Nf6 10. Bb2 O-O 11. Be2 Re8 12. Bf3 Nxe4 13. Bxe4 f5 14. O-O fxe4
15. Nd5 Be5 16. Bxe5 Rxe5 17. f4 exf3 18. Rxf3 Bf5 19. Qd2 c6 20. Ne3 Qb6 21.
Kh1 Rae8 22. Nxf5 Rxf5 23. Rxf5 gxf5 24. Qg5+ Kh8 25. Qf6+ Kg8 1/2-1/2

[Event "35t. Copenhagen Open (Politiken Cup)"]
[Site "Elsinore"]
[Date "2013.07.31"]
[Round "6"]
[White "Molin, Claus"]
[Black "Rorvik, Jon Fredrik"]
[Result "1/2-1/2"]
[WhiteElo "1982"]
[BlackElo "2154"]
[PlyCount "87"]
[EventDate "2013.07.27"]
[EventType "swiss"]
[EventRounds "10"]
[EventCountry "DEN"]
[Source "ChessBase"]
[SourceDate "2013.08.26"]

1. Nf3 d5 2. d4 e6 3. c4 Nf6 4. Nc3 Nbd7 5. Bf4 c6 6. e3 Ne4 7. Bd3 f5 8. O-O
Be7 9. Rc1 O-O 10. Ne5 Nxe5 11. Bxe5 Bf6 12. Bxf6 Qxf6 13. Ne2 Nd6 14. c5 Nf7
15. f4 Kh8 16. Kh1 Bd7 17. Ng1 g5 18. g3 Qh6 19. Nf3 Rg8 20. fxg5 Nxg5 21. Nxg5
Rxg5 22. Qf3 Rg4 23. Rc3 Rag8 24. Rg1 Be8 25. Rb3 Bh5 26. Qf2 R4g7 27. Kg2 Bg4
28. Kf1 Bd1 29. Ra3 a6 30. Ke1 Bh5 31. Qf4 Qf6 32. Rb3 Rg4 33. Qe5 Qxe5 34.
dxe5 R4g7 35. Rf1 Re7 36. Rf4 Bg4 37. Rfb4 Rgg7 38. Kf2 Bd1 39. Rc3 Bh5 40.
Rcb3 Kg8 41. Rf4 Rd7 42. Bc2 Rg4 43. Rbb4 Kf8 44. Rbd4 1/2-1/2

[Event "35t. Copenhagen Open (Politiken Cup)"]
[Site "Elsinore"]
[Date "2013.07.31"]
[Round "6"]
[White "Narheim, Mats"]
[Black "Hein, Jacob"]
[Result "0-1"]
[WhiteElo "1315"]
[BlackElo "1491"]
[PlyCount "68"]
[EventDate "2013.07.27"]
[EventType "swiss"]
[EventRounds "10"]
[EventCountry "DEN"]
[Source "ChessBase"]
[SourceDate "2013.08.26"]

1. e4 g6 2. d4 Bg7 3. Nf3 d6 4. Nc3 Nf6 5. Bc4 Bg4 6. O-O O-O 7. Be3 Qd7 8. Be2
c6 9. Qd2 b5 10. Bh6 b4 11. Nd1 Nxe4 12. Qf4 Qf5 13. Qxf5 Bxf5 14. Bxg7 Kxg7
15. Bd3 d5 16. Ne3 Bc8 17. Bxe4 dxe4 18. Ng5 f5 19. d5 h6 20. Nh3 f4 21. Ng4
Bxg4 22. dxc6 Nxc6 23. Rae1 Bxh3 24. gxh3 e3 25. fxe3 f3 26. c3 Rad8 27. Rf2
bxc3 28. bxc3 Ne5 29. h4 Nd3 30. Rd2 f2+ 31. Kg2 Nxe1+ 32. Kg3 Rxd2 33. Kh3
f1=Q+ 34. Kg3 Qf3# 0-1

[Event "35t. Copenhagen Open (Politiken Cup)"]
[Site "Elsinore"]
[Date "2013.07.31"]
[Round "6"]
[White "Nielsen, Bjorn"]
[Black "Hansen, Ole Foss"]
[Result "0-1"]
[WhiteElo "1458"]
[BlackElo "1779"]
[PlyCount "66"]
[EventDate "2013.07.27"]
[EventType "swiss"]
[EventRounds "10"]
[EventCountry "DEN"]
[Source "ChessBase"]
[SourceDate "2013.08.26"]

1. e4 c6 2. Nf3 d5 3. e5 Bg4 4. Be2 Nd7 5. d4 e6 6. Be3 Qb6 7. Qc1 Ne7 8. O-O
Nf5 9. c3 c5 10. Re1 Rc8 11. Nbd2 Be7 12. Rb1 Bh5 13. Qd1 Bg6 14. h3 Nxe3 15.
fxe3 Bxb1 16. Qxb1 O-O 17. a3 c4 18. Nh2 Bg5 19. Bf3 Nxe5 20. Kh1 Nd3 21. Re2
Qxb2 22. Qxb2 Nxb2 23. e4 Nd1 24. Nb1 dxe4 25. Bxe4 Rc7 26. Ng4 f5 27. Ne5 fxe4
28. Re1 Nf2+ 29. Kh2 e3 30. a4 Nd3 31. Rd1 Bf4+ 32. Kg1 Bxe5 33. dxe5 e2 0-1

[Event "35t. Copenhagen Open (Politiken Cup)"]
[Site "Elsinore"]
[Date "2013.07.31"]
[Round "6"]
[White "Nielsen, Jan Mose"]
[Black "Maagaard, David Bille"]
[Result "1-0"]
[WhiteElo "2088"]
[BlackElo "1821"]
[PlyCount "57"]
[EventDate "2013.07.27"]
[EventType "swiss"]
[EventRounds "10"]
[EventCountry "DEN"]
[Source "ChessBase"]
[SourceDate "2013.08.26"]

1. e4 e5 2. Bc4 Be7 3. d4 d6 4. Nf3 exd4 5. Qxd4 Nf6 6. Nc3 Nc6 7. Qe3 Ng4 8.
Qe2 Nge5 9. Bb3 Bg4 10. Be3 O-O 11. O-O-O Na5 12. h3 Nxb3+ 13. axb3 Bh5 14. g4
Nxf3 15. gxh5 Ng5 16. f4 Ne6 17. f5 Ng5 18. h4 Nxe4 19. Nxe4 Bxh4 20. Qg4 Bf6
21. Nxf6+ Qxf6 22. Bg5 Qe5 23. Rde1 Qa5 24. Bf6 Qa1+ 25. Kd2 Qa5+ 26. c3 Qd5+
27. Kc1 g6 28. Qg5 Qxf5 29. Qxf5 1-0

[Event "35t. Copenhagen Open (Politiken Cup)"]
[Site "Elsinore"]
[Date "2013.07.31"]
[Round "6"]
[White "Nielsen, Lars Aaes"]
[Black "Soors, Stef"]
[Result "1/2-1/2"]
[WhiteElo "2265"]
[BlackElo "2405"]
[PlyCount "95"]
[EventDate "2013.07.27"]
[EventType "swiss"]
[EventRounds "10"]
[EventCountry "DEN"]
[Source "ChessBase"]
[SourceDate "2013.08.26"]

1. e4 c6 2. c4 d5 3. cxd5 cxd5 4. exd5 Nf6 5. Bb5+ Nbd7 6. Nc3 a6 7. Bxd7+ Qxd7
8. Nf3 Nxd5 9. O-O Nxc3 10. dxc3 Qxd1 11. Rxd1 Bg4 12. Rd4 Bxf3 13. gxf3 e5 14.
Rd5 f6 15. Be3 Rd8 16. Rad1 Be7 17. Bb6 Rxd5 18. Rxd5 h5 19. a4 h4 20. h3 Rh5
21. Be3 Bd8 22. b4 g6 23. Rd6 Rh7 24. f4 exf4 25. Bxf4 Rd7 26. Re6+ Kf7 27. Re4
Rd3 28. Rc4 Rxh3 29. Be3 Rf3 30. Rxh4 Be7 31. Rc4 Bd6 32. b5 axb5 33. axb5 Rf5
34. b6 Ke6 35. Kf1 Ra5 36. Ke2 g5 37. Rc8 Kd7 38. Rg8 Re5 39. Kd3 Kc6 40. Rg6
Be7 41. c4 Re6 42. Kc3 Re5 43. Kd3 Re6 44. Kc3 Bc5 45. Bxg5 Bxf2 46. Rxf6 Rxf6
47. Bxf6 Bxb6 48. Kb3 1/2-1/2

[Event "35t. Copenhagen Open (Politiken Cup)"]
[Site "Elsinore"]
[Date "2013.07.31"]
[Round "6"]
[White "Nilsen, Martin"]
[Black "Bruun, Hendrik Emil"]
[Result "1/2-1/2"]
[WhiteElo "1820"]
[BlackElo "2078"]
[PlyCount "60"]
[EventDate "2013.07.27"]
[EventType "swiss"]
[EventRounds "10"]
[EventCountry "DEN"]
[Source "ChessBase"]
[SourceDate "2013.08.26"]

1. e4 d6 2. d4 g6 3. Nf3 Bg7 4. Be3 Nf6 5. Nc3 O-O 6. Qd2 c6 7. a4 Nbd7 8. h3
Qa5 9. Rb1 Qb4 10. Bd3 c5 11. O-O cxd4 12. Bxd4 Nc5 13. Bxf6 Bxf6 14. Nd5 Qxd2
15. Nxf6+ exf6 16. Nxd2 Nxa4 17. Nc4 Rd8 18. Ra1 b5 19. Na5 a6 20. Be2 Re8 21.
c4 Rb8 22. cxb5 axb5 23. Bxb5 Rxb5 24. Rxa4 Rxb2 25. Nc4 Re2 26. Ra8 Bd7 27.
Rxe8+ Bxe8 28. Nxd6 Bc6 29. f3 Rc2 30. Ra1 Rd2 1/2-1/2

[Event "35t. Copenhagen Open (Politiken Cup)"]
[Site "Elsinore"]
[Date "2013.07.31"]
[Round "6"]
[White "Nilssen, John Arni"]
[Black "Andersen, Morten"]
[Result "1-0"]
[WhiteElo "2353"]
[BlackElo "2166"]
[PlyCount "79"]
[EventDate "2013.07.27"]
[EventType "swiss"]
[EventRounds "10"]
[EventCountry "DEN"]
[Source "ChessBase"]
[SourceDate "2013.08.26"]

1. d4 Nf6 2. c4 c5 3. d5 e6 4. Nc3 exd5 5. cxd5 d6 6. e4 g6 7. f3 Bg7 8. Bg5 h6
9. Be3 Nbd7 10. Nh3 a6 11. a4 O-O 12. Nf2 Qc7 13. Be2 Re8 14. O-O Rb8 15. Qd2
Kh7 16. Rac1 Ne5 17. Qd1 g5 18. Re1 Qd8 19. Nh1 Bd7 20. Ng3 b5 21. axb5 axb5
22. b4 cxb4 23. Na2 Nc4 24. Bf2 Qa5 25. Qb3 Ra8 26. Nxb4 Nd2 27. Qd3 Qxb4 28.
e5+ Kh8 29. exf6 Bxf6 30. Rc7 Ra3 31. Qc2 Qb2 32. Qxb2 Bxb2 33. Rxd7 b4 34. Rd1
Ra1 35. Rxa1 Bxa1 36. Rb7 b3 37. Bd3 Bc3 38. Ne2 Ra8 39. Nxc3 Ra1+ 40. Nb1 1-0

[Event "35t. Copenhagen Open (Politiken Cup)"]
[Site "Elsinore"]
[Date "2013.07.31"]
[Round "6"]
[White "Oland, Arne"]
[Black "Skjoldager, Mikael"]
[Result "0-1"]
[WhiteElo "1955"]
[BlackElo "2088"]
[PlyCount "88"]
[EventDate "2013.07.27"]
[EventType "swiss"]
[EventRounds "10"]
[EventCountry "DEN"]
[Source "ChessBase"]
[SourceDate "2013.08.26"]

1. e4 e5 2. Nf3 Nc6 3. Bb5 Nf6 4. O-O Nxe4 5. d4 Nd6 6. Bxc6 dxc6 7. dxe5 Nf5
8. Qxd8+ Kxd8 9. Rd1+ Ke8 10. Nc3 Ne7 11. Bg5 h6 12. Bh4 Bg4 13. Rd3 Ng6 14.
Bg3 Bf5 15. Rd2 Bb4 16. Rad1 Bxc3 17. bxc3 c5 18. e6 Bxe6 19. Bxc7 Rc8 20. Bg3
Ke7 21. h4 Rhd8 22. Bd6+ Ke8 23. h5 Ne7 24. Re1 Rc6 25. Bxe7 Kxe7 26. Rxd8 Kxd8
27. Ne5 Ra6 28. Nd3 b6 29. Rd1 Ke7 30. Nc1 Bxa2 31. Ne2 Bc4 32. Nf4 Ra2 33. Rd2
Ra3 34. Ne2 Kf6 35. Ng3 Ke5 36. f3 Rxc3 37. Ne4 Ra3 38. Rd7 Ke6 39. Rd2 Bd5 40.
Nf2 Bc6 41. Nd1 Ra4 42. Rf2 Ra1 43. Rd2 Ba4 44. Kf2 Bxc2 0-1

[Event "35t. Copenhagen Open (Politiken Cup)"]
[Site "Elsinore"]
[Date "2013.07.31"]
[Round "6"]
[White "Olofsson Dolk, Mattis"]
[Black "Justinussen, Sigurd B"]
[Result "0-1"]
[WhiteElo "2113"]
[BlackElo "1970"]
[PlyCount "92"]
[EventDate "2013.07.27"]
[EventType "swiss"]
[EventRounds "10"]
[EventCountry "DEN"]
[Source "ChessBase"]
[SourceDate "2013.08.26"]

1. e4 e5 2. Nf3 Nc6 3. Bb5 Nf6 4. O-O d6 5. d4 Bd7 6. Nc3 exd4 7. Nxd4 Be7 8.
Bxc6 bxc6 9. Bf4 O-O 10. e5 dxe5 11. Bxe5 c5 12. Nb3 Bf5 13. Rc1 Bd6 14. Bg3
Qd7 15. Qd2 Rad8 16. Bxd6 cxd6 17. Rfd1 Be6 18. Qe2 Qc7 19. Qa6 Bc8 20. Qa5 Qc6
21. Qb5 Qc7 22. Rd2 a6 23. Qc4 Qb6 24. Rcd1 Be6 25. Qf4 c4 26. Rxd6 Rxd6 27.
Rxd6 Qb8 28. Nc5 Qxb2 29. Qd2 Nd5 30. Ne2 c3 31. Qd1 Qb4 32. Nxe6 fxe6 33. Rxe6
Qc5 34. Qd4 Qxd4 35. Nxd4 Nb4 36. Rb6 a5 37. Nc6 Nxc2 38. Nxa5 Rc8 39. Rc6 Rd8
40. g3 Rd1+ 41. Kg2 Ne1+ 42. Kh3 c2 43. Nb3 Kf7 44. a4 Rb1 45. Rc7+ Ke8 46. Rc4
Rxb3 0-1